| 000 | 00736nam a2200265Ia 4500 | ||
|---|---|---|---|
| 003 | OSt | ||
| 005 | 20221005085958.0 | ||
| 006 | a|||||r|||| 00| 0 | ||
| 007 | ta | ||
| 008 | 221004b |||||||| |||| 00| 0 eng d | ||
| 024 | _a53888 | ||
| 037 | _cTextual | ||
| 040 |
_aCRL _cCRL _beng |
||
| 041 |
_2eng _aeng |
||
| 082 | _aT4:4,3, M4 | ||
| 100 |
_aWalter Tim _9614729 |
||
| 245 | 0 |
_aStudent succss _b How to do better in college and still have time for your friends |
|
| 250 | _a3rd | ||
| 260 |
_aNew York _bHolt Rinehart and Winstn _c1984 |
||
| 300 |
_a175p _ccm. |
||
| 650 | _aEDUCATION | ||
| 700 |
_a Siebert Al _9614730 |
||
| 942 |
_hT4:4,3, M4 _cTEXL _2cc |
||
| 999 |
_c995074 _d995074 |
||